Historia mínima del siglo XX

Đã lưu trong:
Chi tiết về thư mục
Tác giả chính: Lukacs, John (autor)
Định dạng: Sách
Ngôn ngữ:Tiếng Tây Ban Nha
Được phát hành: Ciudad de México El Colegio de México 2014
Madrid Turner 2014
Phiên bản:1a. ed
Những chủ đề:
Các nhãn: Thêm thẻ
Không có thẻ, Là người đầu tiên thẻ bản ghi này!

MARC

LEADER 00000cam a2200000 a 4500
001 UCE5957
003 CL-VaPUC
008 150312e20140000mx |||||||||||||||||spa|d
020 |a 9788415832270 
082 0 4 |a 909.82  |b LUK  |2 21 
100 |a Lukacs, John  |e autor  |9 578628 
245 1 0 |a Historia mínima del siglo XX 
250 |a 1a. ed 
300 |a 267 p 
942 |c BK 
945 |d 20150312 12:37:00  |a arojas 
260 |a Ciudad de México  |b El Colegio de México  |c 2014 
260 |a Madrid  |b Turner  |c 2014 
650 7 |a HISTORIA UNIVERSAL SIGLO 20  |2 CL-VaPUC  |9 361893 
583 |a last modification  |c 20160913 09:58:48  |k Rodrigo Vera 
999 |c 358472  |d 358470 
952 |0 0  |1 0  |3 erb  |4 0  |6 909_820000000000000_LUK_2014_2014  |7 0  |8 A  |9 467181  |a BIBHIS  |b BIBHIS  |i 5140226  |o 909.82 LUK 2014 2014  |p 5140226  |r 2025-01-20  |w 2019-11-23  |y BK  |z Catalogado en:20150312  |k HIS